=LDR 00000nam 2200000 4500 =001 INLIS000000000810210 =005 20260512011811 =035 ##$$a 0010-1125000064 =007 ta =008 260512###########################0#ind## =245 1#$$a Penyebab Rusaknya Amal =260 ##$$a Jakarta : :$b Pustaka Imam Asy-Syafi'i =082 ##$$a 297.211 =084 ##$$a 297.211 SYA p =020 ##$$a 9789793536415 =100 #$$a Syaikh Salim bin Ied al Hilali =250 ##$$a Cet. 1 =300 ##$$a xiv + 100 hlm. ; $c 11 x 15 cm =990 ##$$a 00000004720